Statistics for General Knowledge Quiz #134

Click here to take the quiz!

General Stats

  • This quiz has been taken 52,274 times
    (26,217 since last reset)
  • The average score is 11 of 20

Answer Stats

QuestionAnswer% Correct
What girl group had eight #1 hits in the UK between 1996 and 1998?The Spice Girls
92%
What does the H stand for in H-Bomb?Hydrogen
88%
What city's catacombs contain the bones of over six million people?Paris
84%
What are the only two types of mammal that can lay eggs?Platypus
74%
What is the world's most famous outlaw motorcycle club?Hell's Angels
68%
In the show Doctor Who, what does the Doctor's time machine look like from the outside?Police Box
64%
What is the name for a system of law based on Islamic texts?Sharia
61%
What city is known for pastries, coffee, and classical music?Vienna
60%
What is played at Roland Garros?Tennis
55%
What video game, created by Notch, is the best-selling PC game of all-time?Minecraft
50%
What material can be "vulcanized"?Rubber
50%
Where would you be most likely to find a Gideons Bible?In a Hotel
49%
What ancient city was located near present-day Tunis?Carthage
46%
What singer has an alter ego named Sasha Fierce?Beyoncé Knowles
41%
What is the names for small mounds of snow on ski hills?Moguls
36%
What type of books are eligible to receive a Newbery Medal?Children's Books
34%
In Hawaiian legend, what is Pele the goddess of?Fire / Volcanoes
34%
What metro area's largest city is Quezon City?Manila
32%
What are the only two types of mammal that can lay eggs?Echidna
30%
Who is also known as Jove?Jupiter
21%

Score Distribution

Percentile by Number Answered

Percent of People with Each Score

Your Score History

You have not taken this quiz since the last reset